Measuring the Efficiency of VAT Reforms: A Demand System Simulation Approach

Pomocou modelu odhadovaného dopytu simulovanie reakcie na úrovni domácností na nedávnu slovenskú reformu dane z pridanej hodnoty (DPH) a jej hypotetické alternatívy. Štruktúrovanie vylepšeného ukazovateľa efektívnosti daní. Reformy ako pomer blahobytu a fiškálnych príjmových efektov ako marginálny b...

Ausführliche Beschreibung

Gespeichert in:
Bibliographische Detailangaben
1. Verfasser: Tóth, Peter, 1978-
Weitere Verfasser: Cupak, Andrej, 1988-, Rizov, Marian
Format: Buchkapitel
Sprache:Englisch
Schlagworte:
Tags: Tag hinzufügen
Keine Tags, Fügen Sie das erste Tag hinzu!

MARC

LEADER 00000naa a2200000 4500
001 0271219
005 20241106135207.1
041 0 |a eng 
044 |a GB 
245 1 0 |a Measuring the Efficiency of VAT Reforms: A Demand System Simulation Approach  |c Peter Tóth, Andrej Cupak, Marian Rizov 
520 |a Pomocou modelu odhadovaného dopytu simulovanie reakcie na úrovni domácností na nedávnu slovenskú reformu dane z pridanej hodnoty (DPH) a jej hypotetické alternatívy. Štruktúrovanie vylepšeného ukazovateľa efektívnosti daní. Reformy ako pomer blahobytu a fiškálnych príjmových efektov ako marginálny blahobyt. Nové dôkazy o skutočných a hypotetických reformách, ktoré by mohli zvýšiť blahobyt domácností pri nulových fiškálnych nákladoch. 
610 2 0 |a domácnosti 
610 2 0 |a dane z hodnoty pridanej 
610 2 0 |a dane nepriame 
610 2 0 |a blahobyt 
100 1 |a Tóth, Peter, 1978- 
700 1 |a Cupak, Andrej, 1988- 
700 1 |a Rizov, Marian